000 01063nam a2200301 i 4500
001 73362
003 ES-MaACL
005 20230906171756.0
007 t|
008 041001s1990 sp ||||1| spa d
020 _a84-87035-10-8
080 _a75.036
080 _a929 García Lorca, Federico
100 1 _aGarcía Lorca, Federico,
_d1898-1936
_954853
245 1 0 _aSketch de la nueva pintura :
_b1928 /
_cFederico García Lorca . Federico García Lorca : 1942 / Enrique Díez-Canedo.
246 3 _aFederico García Lorca
260 _aMálaga :
_bFundación Pablo Ruiz Picasso :
_bAyuntamiento de Málaga,
_c[1990]
300 _a23 p. :
_bil. ;
_c28 cm.
490 1 _aEscritos y poemas ;
_v12
600 1 4 _aGarcía Lorca, Federico,
_d1898-1936
_954853
650 4 _aPintura-
_xS.XX.
_916010
700 1 _aDíez-Canedo, Enrique,
_d1879-1944
_944685
710 2 _aFundación Picasso.
_94377
710 1 _aMálaga.
_bAyuntamiento.
_95634
830 1 _aEscritos y poemas ;
_v12
_9183401
852 _aES-MaACL
_j2182-F-20
999 _c73362
_d73362